000 00537nmm a2200169Ia 4500
008 251105s9999||||xx |||||||||||||||||und||
020 _a9789562829939
041 _aspa
100 _aGuerrero Ceballos, Manuel
245 0 _aDesde el túnel. Diario de vida de un detenido desaparecido
264 _a[Santiago de Chile, Chile] :
_bLOM Ediciones,
_c2008
300 _a186 páginas
490 _aSeptiembre
650 _aHistory of the Americas: Latin America
856 _uhttps://public.digitaliapublishing.com/a/13258
942 _cCF
999 _c94350
_d94350